| 000 | 00592nam a2200193 a 4500 | ||
|---|---|---|---|
| 001 | 000044147 | ||
| 003 | DO-SdBNP | ||
| 005 | 20171103082828.0 | ||
| 007 | 000044147 | ||
| 008 | 140602s2010 dr a 000 0 spa d | ||
| 040 |
_aBPMET _bspa _cBPMET |
||
| 245 | 0 | 4 | _aLos actores no estatales y las autoridades locales. |
| 260 |
_aSanto Domingo : _bDIGECOOM, _c2010. |
||
| 300 |
_a44 p. : _bil. ; _c21 cm. |
||
| 710 | 2 | _aDierección General de Cooperación Multilateral (DIGECOOM)) | |
| 942 |
_2ddc _cBK |
||
| 945 | _aInvetariado juvenil dom / 2017 VM | ||
| 956 |
_aVMATEO _b10 _c20140603 _lBPMSU _h0069 |
||
| 999 |
_c7231 _d7231 |
||